[Event "25. Torneo San Viator 2015"]
[Site "Madrid ESP"]
[Date "2015.10.12"]
[Round "3.19"]
[White "De La Torre Palomino, Luis"]
[Black "Castro Morell, Daniel Eduardo"]
[Result "0-1"]
[WhiteElo "1603"]
[BlackElo "1858"]
[PlyCount "96"]
[EventDate "2015.10.04"]
[EventType "swiss"]
[EventRounds "9"]
[EventCountry "ESP"]
[Source "lmi"]
[SourceDate "2015.10.04"]

1. e4 c5 2. Nf3 Nc6 3. d4 cxd4 4. Nxd4 e5 5. Nb5 d6 6. c4 a6 7. N5a3 Be7 8. Nc3
Nf6 9. Nc2 O-O 10. Be2 h6 11. O-O Be6 12. Kh1 Rc8 13. Be3 Na5 14. b3 b5 15. Nd5
Bxd5 16. cxd5 Nxe4 17. Nb4 Nc3 18. Qd3 Nxe2 19. Qxe2 Ra8 20. f4 exf4 21. Bxf4
Bg5 22. Bg3 Qd7 23. h4 Rfe8 24. Qb2 Be3 25. Rf3 Re4 26. Raf1 Bd4 27. Qc2 Re7
28. Qd2 Be5 29. Nd3 Nb7 30. Nb4 Nd8 31. Nc2 Rc8 32. Ne3 Bc3 33. Qd3 g6 34. Bf4
Bg7 35. Rg3 Rc3 36. Qd2 Re4 37. Qf2 Kh7 38. Ng4 Rxg3 39. Qxg3 Qf5 40. Ne3 Qh5
41. Bxd6 Bd4 42. Rf3 Rxh4+ 43. Kg1 Rh1+ 44. Kf2 Qxd5 45. Bc7 Bb6 46. Qf4 Qd2+
47. Kg3 Qe1+ 48. Kg4 Qh4# 0-1

[Event "25. Torneo San Viator 2015"]
[Site "Madrid ESP"]
[Date "2015.10.12"]
[Round "3.20"]
[White "Jimenez Gonzalez, Marcos"]
[Black "Alonso Lazaro, Adrian"]
[Result "1-0"]
[WhiteElo "1849"]
[BlackElo "1624"]
[PlyCount "101"]
[EventDate "2015.10.04"]
[EventType "swiss"]
[EventRounds "9"]
[EventCountry "ESP"]
[Source "lmi"]
[SourceDate "2015.10.04"]

1. c4 b6 2. Nc3 c5 3. g3 Bb7 4. e4 d6 5. Bg2 Nf6 6. d3 g6 7. Nge2 Bg7 8. O-O
Nc6 9. h3 O-O 10. Be3 a6 11. Qd2 Re8 12. Rac1 Rb8 13. f4 Ba8 14. b3 b5 15. Nd5
a5 16. cxb5 Rxb5 17. Rc4 Nxd5 18. exd5 Nb4 19. f5 Bxd5 20. Rh4 Qa8 21. fxg6
hxg6 22. Bh6 Bxg2 23. Rf2 Bh8 24. Bf8 f6 25. Rxh8+ Kf7 26. Rh7+ Ke6 27. Bxe7
Rxe7 28. Qe3+ Be4 29. Nf4+ Kd7 30. Rxe7+ Kxe7 31. dxe4 Qg8 32. Nd5+ Nxd5 33.
exd5+ Kd7 34. Qd3 Rb4 35. Rxf6 Rd4 36. Qb5+ Ke7 37. Re6+ Qxe6 38. dxe6 Kxe6 39.
Qxa5 Ke5 40. Qc3 Ke4 41. Kf2 Rd3 42. Qc4+ Rd4 43. Qe6+ Kd3 44. Qxg6+ Kc3 45.
Qf6 Kb2 46. Ke2 Kxa2 47. Qxd4 cxd4 48. Kd3 Kxb3 49. Kxd4 Kb4 50. Kd3 Kb3 51. h4
1-0

[Event "25. Torneo San Viator 2015"]
[Site "Madrid ESP"]
[Date "2015.10.12"]
[Round "3.21"]
[White "Miguens Mata, Jose L"]
[Black "Cid Garcia, Ramon"]
[Result "0-1"]
[WhiteElo "1526"]
[BlackElo "1958"]
[PlyCount "63"]
[EventDate "2015.10.04"]
[EventType "swiss"]
[EventRounds "9"]
[EventCountry "ESP"]
[Source "lmi"]
[SourceDate "2015.10.04"]

1. e4 c5 2. Nf3 Nc6 3. Bb5 g6 4. O-O Bg7 5. c3 d6 6. d4 cxd4 7. Nxd4 Bd7 8. Be3
Nf6 9. Nd2 O-O 10. Nxc6 bxc6 11. Be2 Rb8 12. Qc2 c5 13. Bf3 Ng4 14. Bf4 Ne5 15.
Bxe5 Bxe5 16. Rfd1 Bb5 17. Nb3 Qb6 18. Rd5 Ba4 19. c4 Bxb3 20. axb3 Qxb3 21.
Qxb3 Rxb3 22. Rxa7 Rxb2 23. Rxe7 Ra8 24. Rd1 Raa2 25. Rf1 Bd4 26. h4 Rxf2 27.
Rxf2 Rxf2 28. Kh2 Be5+ 29. Kh3 Rc2 30. Kg4 h5+ 31. Kg5 Kg7 32. g4 0-1

[Event "25. Torneo San Viator 2015"]
[Site "Madrid ESP"]
[Date "2015.10.12"]
[Round "3.22"]
[White "Perez Sempere, Alberto"]
[Black "Soto Martin, Pablo"]
[Result "0-1"]
[WhiteElo "1774"]
[BlackElo "1956"]
[PlyCount "140"]
[EventDate "2015.10.04"]
[EventType "swiss"]
[EventRounds "9"]
[EventCountry "ESP"]
[Source "lmi"]
[SourceDate "2015.10.04"]

1. e4 e5 2. Nf3 Nc6 3. Bb5 Bc5 4. c3 Nge7 5. O-O Bb6 6. d4 exd4 7. cxd4 d5 8.
exd5 Nxd5 9. Re1+ Be6 10. Bg5 Qd6 11. Nc3 O-O 12. h3 h6 13. Bh4 Nce7 14. a3
Nxc3 15. bxc3 Nf5 16. Bd3 Nxh4 17. Nxh4 c5 18. Nf3 Rfd8 19. Be4 Bd5 20. Bxd5
Qxd5 21. Re5 Qc4 22. Qe1 cxd4 23. cxd4 Rac8 24. Rb1 Qc6 25. Re7 Re8 26. Qb4
Rxe7 27. Qxe7 Re8 28. Qb4 Qd7 29. a4 Qd5 30. Qb5 Rd8 31. a5 Bxa5 32. Qxb7 Qxb7
33. Rxb7 Bb6 34. Kf1 Kf8 35. Ke2 Ke8 36. Kd3 Rd7 37. Rb8+ Ke7 38. g4 Ke6 39.
Ke4 Kd6 40. Re8 Re7+ 41. Rxe7 Kxe7 42. Kd5 Bc7 43. Kc6 Bd6 44. d5 a5 45. Kb5
Bb4 46. Nd4 g6 47. Nc6+ Kd6 48. Kc4 Be1 49. f4 a4 50. Nd4 Bd2 51. Nb5+ Kd7 52.
f5 gxf5 53. gxf5 Bc1 54. Kb4 a3 55. Kb3 Bb2 56. Ka2 Ke7 57. d6+ Kd7 58. Kb3 Kc6
59. d7 Kxd7 60. Na7 Kd6 61. Nc8+ Ke5 62. Ne7 h5 63. Kc2 Kf6 64. Nd5+ Kxf5 65.
Kb3 Kg5 66. Ne3 f5 67. h4+ Kf4 68. Ng2+ Kg3 69. Ne3 f4 70. Nf5+ Kg4 0-1

[Event "25. Torneo San Viator 2015"]
[Site "Madrid ESP"]
[Date "2015.10.12"]
[Round "3.23"]
[White "Escribano Serrano, Pedro"]
[Black "Quijano Cabrera, Adelardo"]
[Result "1-0"]
[WhiteElo "1802"]
[BlackElo "1651"]
[PlyCount "126"]
[EventDate "2015.10.04"]
[EventType "swiss"]
[EventRounds "9"]
[EventCountry "ESP"]
[Source "lmi"]
[SourceDate "2015.10.04"]

1. d4 Nf6 2. Nf3 g6 3. Bg5 Bg7 4. Nbd2 O-O 5. e4 d5 6. e5 Ne4 7. Nxe4 dxe4 8.
Ng1 c5 9. c3 Nc6 10. Bb5 cxd4 11. Bxc6 bxc6 12. Qxd4 Qxd4 13. cxd4 Rd8 14. Rd1
Rd7 15. f3 Ba6 16. fxe4 Rad8 17. Nf3 f6 18. exf6 Bxf6 19. Bxf6 exf6 20. Kf2 Re7
21. Rhe1 Rde8 22. e5 fxe5 23. Rxe5 Rxe5 24. dxe5 Bc4 25. b3 Bd5 26. Re1 Kf7 27.
Kg3 h6 28. h4 c5 29. Nd2 a5 30. Nc4 Bxc4 31. bxc4 Rb8 32. Rf1+ Ke6 33. Rf6+
Kxe5 34. Rxg6 Kd4 35. Rxh6 Rg8+ 36. Kf3 Rf8+ 37. Kg3 Rg8+ 38. Kh3 Kxc4 39. Rf6
Kd4 40. h5 c4 41. Rc6 c3 42. g4 Kd3 43. h6 c2 44. Kh4 Kd2 45. Kh5 c1=Q 46. Rxc1
Kxc1 47. g5 Rf8 48. h7 Rf1 49. Kg6 Rh1 50. Kg7 Kb2 51. h8=Q Rxh8 52. Kxh8 Kxa2
53. g6 Kb2 54. g7 a4 55. g8=Q a3 56. Qb8+ Ka1 57. Qe5+ Kb1 58. Qb5+ Ka1 59.
Qf1+ Kb2 60. Qe2+ Kb3 61. Qd1+ Ka2 62. Qd2+ Kb3 63. Qc1 a2 1-0

[Event "25. Torneo San Viator 2015"]
[Site "Madrid ESP"]
[Date "2015.10.12"]
[Round "3.24"]
[White "Barahona Torrijos, Angel"]
[Black "Lopez Ziegler, Juan Jose"]
[Result "1-0"]
[WhiteElo "1812"]
[BlackElo "1543"]
[PlyCount "53"]
[EventDate "2015.10.04"]
[EventType "swiss"]
[EventRounds "9"]
[EventCountry "ESP"]
[Source "lmi"]
[SourceDate "2015.10.04"]

1. e4 e6 2. d4 d5 3. Nc3 Nf6 4. e5 Nfd7 5. Nce2 c5 6. c3 Nc6 7. f4 cxd4 8. cxd4
Qb6 9. a3 Be7 10. Nf3 f6 11. Nc3 fxe5 12. fxe5 O-O 13. Na4 Qc7 14. Bd3 a6 15.
O-O b5 16. Nc3 Qb6 17. Kh1 Kh8 18. Ne2 Bb7 19. Bc2 Rac8 20. Qd3 g6 21. Nf4 Rg8
22. Nxe6 Ncxe5 23. dxe5 Qxe6 24. Be3 Bc5 25. Ng5 Qe7 26. Nf7+ Kg7 27. Bh6# 1-0

[Event "25. Torneo San Viator 2015"]
[Site "Madrid ESP"]
[Date "2015.10.12"]
[Round "3.25"]
[White "Gil Calvente, Jose Antonio"]
[Black "Garcia Sanjuan, Jose"]
[Result "1-0"]
[WhiteElo "1723"]
[BlackElo "1850"]
[PlyCount "67"]
[EventDate "2015.10.04"]
[EventType "swiss"]
[EventRounds "9"]
[EventCountry "ESP"]
[Source "lmi"]
[SourceDate "2015.10.04"]

1. d4 b6 2. e4 Bb7 3. Bd3 e6 4. Nf3 Nf6 5. Qe2 d5 6. e5 Nfd7 7. O-O h6 8. Nc3
a6 9. Nd1 c5 10. c3 Nc6 11. Bf4 g5 12. Bg3 g4 13. Nh4 Rg8 14. Ng6 fxg6 15. Qxg4
Ne7 16. Qxe6 Rc8 17. f4 Rc6 18. Qg4 h5 19. Qf3 Rh8 20. Bh4 Qc7 21. Ne3 c4 22.
Bc2 Re6 23. f5 gxf5 24. Nxf5 Nxe5 25. dxe5 Ng6 26. Bf6 Nxe5 27. Bxe5 Rxe5 28.
Nd4 Rg8 29. Rae1 Rxe1 30. Rxe1+ Be7 31. Qxh5+ Kd7 32. Bf5+ Kd6 33. Qh6+ Kc5 34.
Ne6+ 1-0

[Event "25. Torneo San Viator 2015"]
[Site "Madrid ESP"]
[Date "2015.10.12"]
[Round "3.26"]
[White "Alonso Penalver, Angel"]
[Black "Linares Leyva, David"]
[Result "0-1"]
[WhiteElo "1676"]
[BlackElo "1773"]
[PlyCount "118"]
[EventDate "2015.10.04"]
[EventType "swiss"]
[EventRounds "9"]
[EventCountry "ESP"]
[Source "lmi"]
[SourceDate "2015.10.04"]

1. c4 Nf6 2. g3 c5 3. Bg2 Nc6 4. Nc3 g6 5. e3 Bg7 6. Nge2 O-O 7. O-O d6 8. d4
Nd7 9. d5 Nce5 10. b3 a6 11. a4 Rb8 12. Rb1 Nf6 13. h3 Ne8 14. f4 Nd7 15. e4 f5
16. exf5 gxf5 17. Kh2 Ndf6 18. Qd3 Bd7 19. Ng1 Nc7 20. Nf3 h6 21. Nh4 Qe8 22.
Re1 b5 23. axb5 axb5 24. Bd2 bxc4 25. bxc4 Qf7 26. Qe2 Rxb1 27. Rxb1 Ra8 28.
Re1 Bf8 29. Rb1 Bg7 30. Qd3 Ra3 31. Rb8+ Nce8 32. Bc1 Rxc3 33. Qb1 Rxc4 34. Bb2
Rb4 35. Rxb4 cxb4 36. Qd3 Nc7 37. Kh1 Ncxd5 38. Nxf5 Bxf5 39. Qxf5 Ne3 40. Qc8+
Qf8 41. Qe6+ Qf7 42. Qxe3 Kf8 43. Qd3 Qe6 44. Kh2 Qd7 45. Qc4 Qa4 46. Qe6 Qc2
47. Bxf6 Bxf6 48. Qe4 b3 49. Qa8+ Kg7 50. Qe4 Qd2 51. Qf5 b2 52. Qg4+ Kf8 53.
Qc8+ Kf7 54. Qc4+ Kg7 55. Qb3 Qf2 56. h4 Qe2 57. Kh3 h5 58. Bc6 Qf1+ 59. Bg2
b1=Q 0-1

[Event "25. Torneo San Viator 2015"]
[Site "Madrid ESP"]
[Date "2015.10.12"]
[Round "3.27"]
[White "Sirera Ripoll, Jose Luis"]
[Black "Rodriguez Romero, Martin"]
[Result "1-0"]
[WhiteElo "1749"]
[BlackElo "1651"]
[PlyCount "87"]
[EventDate "2015.10.04"]
[EventType "swiss"]
[EventRounds "9"]
[EventCountry "ESP"]
[Source "lmi"]
[SourceDate "2015.10.04"]

1. e4 c5 2. Nc3 e6 3. f4 d6 4. Nf3 Nc6 5. Be2 Be7 6. O-O Nf6 7. d3 O-O 8. Kh1
a6 9. Qe1 b5 10. e5 dxe5 11. fxe5 Nd5 12. Qg3 Kh8 13. Ne4 f6 14. c4 Nb6 15. Bf4
Nd7 16. exf6 Nxf6 17. Ne5 Nd4 18. Bg4 Bb7 19. Ng5 Qe8 20. Bxe6 Nxe6 21. Nxe6
Nh5 22. Qe3 Nxf4 23. Rxf4 Rxf4 24. Qxf4 Bf6 25. Re1 Qh5 26. Nxc5 Re8 27. d4 Ba8
28. cxb5 axb5 29. Ncd7 Qh3 30. Nf7+ Kg8 31. Rxe8+ Kxf7 32. Rxa8 Qxd7 33. Ra3 b4
34. Rf3 Qe6 35. a3 bxa3 36. bxa3 Qe1+ 37. Rf1 Qc3 38. h3 Qxa3 39. d5 Qd3 40.
Qf5 Qd4 41. Rb1 Qa7 42. Qe6+ Kf8 43. Rc1 Bc3 44. Qc8+ 1-0

[Event "25. Torneo San Viator 2015"]
[Site "Madrid ESP"]
[Date "2015.10.12"]
[Round "3.28"]
[White "Lopez Benitez, David"]
[Black "Ingunza Curro, Andres"]
[Result "1-0"]
[WhiteElo "1731"]
[BlackElo "1459"]
[PlyCount "79"]
[EventDate "2015.10.04"]
[EventType "swiss"]
[EventRounds "9"]
[EventCountry "ESP"]
[Source "lmi"]
[SourceDate "2015.10.04"]

1. f4 d5 2. Nf3 Nf6 3. g3 Bg4 4. Bg2 e6 5. O-O Be7 6. d3 c6 7. Nbd2 Nbd7 8. e4
Nc5 9. e5 Nfd7 10. h3 Bxf3 11. Qxf3 Qb6 12. d4 Na6 13. Nb3 Nc7 14. Rf2 Nb5 15.
Be3 O-O-O 16. a4 Nc7 17. a5 Qb5 18. Bf1 Qb4 19. Bd2 Qxd2 20. Rxd2 h5 21. h4 f6
22. c4 g5 23. exf6 Nxf6 24. fxg5 Ne4 25. cxd5 Nxd2 26. Nxd2 Nxd5 27. Bh3 Nc7
28. Qe4 Bb4 29. Nb3 Kb8 30. Rf1 Nb5 31. Rf7 Nd6 32. Qe5 Ka8 33. Rd7 Rhf8 34.
Qg7 Rfe8 35. Nc5 Bxc5 36. dxc5 Nb5 37. Bf1 Rb8 38. Bxb5 cxb5 39. a6 Rg8 40.
axb7+ 1-0

[Event "25. Torneo San Viator 2015"]
[Site "Madrid ESP"]
[Date "2015.10.18"]
[Round "4.1"]
[White "Garcia Martin, Esteban"]
[Black "Renteria, Jorge"]
[Result "0-1"]
[WhiteElo "1903"]
[BlackElo "2244"]
[PlyCount "92"]
[EventDate "2015.10.04"]
[EventType "swiss"]
[EventRounds "9"]
[EventCountry "ESP"]
[Source "lmi"]
[SourceDate "2015.10.04"]

1. c4 e5 2. Nc3 Nf6 3. g3 d5 4. cxd5 Nxd5 5. Bg2 Nb6 6. Nf3 Nc6 7. O-O Be7 8.
d3 O-O 9. a3 a5 10. Be3 Bg4 11. Rc1 Rb8 12. Na4 e4 13. Nxb6 exf3 14. exf3 Bf5
15. Na4 Bxd3 16. Re1 Bg6 17. Qb3 Bf6 18. Red1 Qc8 19. Nc5 Rd8 20. Ne4 Bxe4 21.
fxe4 Nd4 22. Bxd4 Bxd4 23. Qc2 c5 24. b3 b5 25. Rb1 Qe6 26. Bf1 g6 27. Rdc1 h5
28. a4 bxa4 29. bxa4 Rb4 30. Bc4 Qf6 31. Bb5 h4 32. Qe2 Kg7 33. Rxb4 cxb4 34.
Rc6 Qe7 35. Bc4 Bc3 36. Kg2 Rd2 37. Qe3 h3+ 38. Kf3 Rd7 39. Bf1 Bd4 40. Qf4 b3
41. Rc1 b2 42. Rb1 Rd6 43. Bxh3 Rf6 44. Bf5 Qa3+ 45. Kg4 Qd3 46. e5 Rxf5 0-1

[Event "25. Torneo San Viator 2015"]
[Site "Madrid ESP"]
[Date "2015.10.18"]
[Round "4.2"]
[White "Unciti Juan, Javier"]
[Black "Sotoca Aguado, Jose"]
[Result "1-0"]
[WhiteElo "2050"]
[BlackElo "1946"]
[PlyCount "98"]
[EventDate "2015.10.04"]
[EventType "swiss"]
[EventRounds "9"]
[EventCountry "ESP"]
[Source "lmi"]
[SourceDate "2015.10.04"]

1. d4 Nf6 2. Bg5 d5 3. e3 c6 4. Nd2 Qb6 5. Bd3 h6 6. Bxf6 exf6 7. Ne2 Na6 8. c3
Bd6 9. Rb1 O-O 10. Ng3 g6 11. Qf3 Kg7 12. O-O f5 13. a3 Be6 14. b4 Nb8 15. c4
Be7 16. c5 Qc7 17. Ne2 Nd7 18. Nf4 Nf6 19. Qe2 Ne4 20. Rfc1 Bg5 21. g3 Bf6 22.
Nb3 Be7 23. f3 Nf6 24. Nd2 g5 25. Nxe6+ fxe6 26. e4 Rae8 27. e5 Ng8 28. f4 Bd8
29. Rb2 Ne7 30. Kf2 Ng6 31. Rg1 Rf7 32. Ke3 Kh7 33. Qh5 Rg8 34. Nf3 gxf4+ 35.
gxf4 Nxf4 36. Kxf4 Rxg1 37. Nxg1 Rg7 38. Nf3 Bg5+ 39. Nxg5+ Rxg5 40. Qf3 Qg7
41. Ke3 Rg4 42. Kd2 Qg5+ 43. Kc3 Qc1+ 44. Kb3 Rf4 45. Qe2 Rg4 46. Qd2 Qg1 47.
Qc3 Qe3 48. Rd2 Qg5 49. Bxf5+ exf5 1-0

[Event "25. Torneo San Viator 2015"]
[Site "Madrid ESP"]
[Date "2015.10.18"]
[Round "4.3"]
[White "Blanco Diez, David"]
[Black "Andalon Gomez, Carlos J"]
[Result "0-1"]
[WhiteElo "1719"]
[BlackElo "1963"]
[PlyCount "49"]
[EventDate "2015.10.04"]
[EventType "swiss"]
[EventRounds "9"]
[EventCountry "ESP"]
[Source "lmi"]
[SourceDate "2015.10.04"]

1. d4 d5 2. c4 c6 3. Nf3 Nf6 4. Nc3 dxc4 5. a4 Bf5 6. e3 e6 7. Bxc4 Bb4 8. O-O
O-O 9. Qe2 Bg6 10. Ne5 Nbd7 11. Nxg6 hxg6 12. e4 Rc8 13. Bg5 Qa5 14. Rac1 Qxg5
15. e5 Nd5 16. Ne4 Qd8 17. Qg4 Be7 18. h4 c5 19. Ng5 Bxg5 20. hxg5 cxd4 21.
Bxd5 Rxc1 22. Rxc1 Nxe5 23. Qxd4 Qxd5 24. Qxa7 Nf3+ 25. Kf1 0-1

[Event "25. Torneo San Viator 2015"]
[Site "Madrid ESP"]
[Date "2015.10.18"]
[Round "4.4"]
[White "Lobato Rivero, Carlos"]
[Black "Aguilera Lopez, Alejandro"]
[Result "1/2-1/2"]
[WhiteElo "1992"]
[BlackElo "1987"]
[PlyCount "72"]
[EventDate "2015.10.04"]
[EventType "swiss"]
[EventRounds "9"]
[EventCountry "ESP"]
[Source "lmi"]
[SourceDate "2015.10.04"]

1. e4 c5 2. Nf3 e6 3. d4 cxd4 4. Nxd4 Nf6 5. Nc3 Nc6 6. Be2 Be7 7. O-O O-O 8.
Be3 d6 9. Qd2 Ne5 10. h3 d5 11. f4 Nc4 12. Bxc4 dxc4 13. Qe2 Bd7 14. Qxc4 Rc8
15. Qe2 Bb4 16. e5 Bxc3 17. exf6 Bxb2 18. fxg7 Re8 19. Rad1 Qc7 20. c4 Bxd4 21.
Rxd4 Bc6 22. Rfd1 e5 23. fxe5 Qxe5 24. Re1 Re6 25. Qd2 Qf6 26. Rd1 Rce8 27. Bg5
Qg6 28. Rd8 h6 29. Rxe8+ Bxe8 30. Be3 Qxg7 31. Bxa7 Bc6 32. Rf1 Re8 33. Rf2 Qg3
34. Re2 Ra8 35. Bd4 Rd8 36. Qc3 Qxc3 1/2-1/2

[Event "25. Torneo San Viator 2015"]
[Site "Madrid ESP"]
[Date "2015.10.18"]
[Round "4.5"]
[White "Castro Morell, Daniel Eduardo"]
[Black "Cervino Rossel, Cristobal"]
[Result "0-1"]
[WhiteElo "1858"]
[BlackElo "2114"]
[PlyCount "84"]
[EventDate "2015.10.04"]
[EventType "swiss"]
[EventRounds "9"]
[EventCountry "ESP"]
[Source "lmi"]
[SourceDate "2015.10.04"]

1. d4 Nf6 2. Nf3 b6 3. c4 e6 4. Bg5 Bb4+ 5. Nc3 h6 6. Bxf6 Qxf6 7. e3 Bb7 8.
Be2 O-O 9. O-O Re8 10. Nb5 Qd8 11. a3 Bf8 12. Rc1 a6 13. Nc3 d6 14. e4 Nd7 15.
Re1 e5 16. d5 g6 17. Qc2 Be7 18. g3 Rf8 19. Bd3 Kg7 20. b4 f6 21. Nd1 Rf7 22.
Ne3 Qf8 23. Rf1 h5 24. Nh4 f5 25. exf5 Bxh4 26. fxg6 Rf6 27. Nf5+ Rxf5 28. Bxf5
Nf6 29. f4 e4 30. gxh4 Re8 31. Rce1 Qe7 32. Re3 c6 33. Be6 cxd5 34. cxd5 Bxd5
35. Bxd5 Nxd5 36. f5 Qxh4 37. Rg3 Qe7 38. Qc6 Nf6 39. Qxb6 d5 40. Rc3 Kg8 41.
Rc7 Qe5 42. Qa7 Ng4 0-1

[Event "25. Torneo San Viator 2015"]
[Site "Madrid ESP"]
[Date "2015.10.18"]
[Round "4.6"]
[White "Vallejo Nuno, Jorge"]
[Black "Luna Hermoso, Angel"]
[Result "1-0"]
[WhiteElo "2087"]
[BlackElo "1919"]
[PlyCount "79"]
[EventDate "2015.10.04"]
[EventType "swiss"]
[EventRounds "9"]
[EventCountry "ESP"]
[Source "lmi"]
[SourceDate "2015.10.04"]

1. e4 c5 2. d4 cxd4 3. c3 Nf6 4. e5 Nd5 5. Nf3 Nc6 6. cxd4 d6 7. exd6 Qxd6 8.
Nc3 g6 9. Be2 Bg7 10. O-O O-O 11. Ne4 Qd8 12. h3 b6 13. Bg5 Bb7 14. Qd2 Nc7 15.
Rfd1 Nxd4 16. Nxd4 Qxd4 17. Qxd4 Bxd4 18. Rxd4 Ne6 19. Rad1 Nxd4 20. Rxd4 Bxe4
21. Rxe4 e6 22. Bf6 Rac8 23. Ba6 Rc5 24. Be7 Rc1+ 25. Kh2 Re8 26. Bf6 Rc5 27.
Re5 Rxe5 28. Bxe5 Rd8 29. Bc4 Rd2 30. Kg3 h5 31. a4 Kh7 32. b3 g5 33. Bb5 Kg6
34. Kf3 f6 35. Ke3 Rd5 36. Bb8 e5 37. Bxa7 Rd6 38. Bd3+ Kf7 39. Bf5 Ke7 40. a5
1-0

[Event "25. Torneo San Viator 2015"]
[Site "Madrid ESP"]
[Date "2015.10.18"]
[Round "4.7"]
[White "Bustos Bernardo, Samuel"]
[Black "Camarero Izquierdo, Juan Carlo"]
[Result "1-0"]
[WhiteElo "1964"]
[BlackElo "1890"]
[PlyCount "49"]
[EventDate "2015.10.04"]
[EventType "swiss"]
[EventRounds "9"]
[EventCountry "ESP"]
[Source "lmi"]
[SourceDate "2015.10.04"]

1. d4 f5 2. e4 fxe4 3. Nc3 Nf6 4. Bg5 g6 5. Bc4 c6 6. d5 b5 7. Bb3 b4 8. Bxf6
exf6 9. Nxe4 f5 10. Qd4 Qe7 11. O-O-O Bg7 12. Nd6+ Kd8 13. Qxb4 Qg5+ 14. Kb1
Qf6 15. c3 a5 16. Qb6+ Ke7 17. dxc6 Nxc6 18. Nf3 Rd8 19. Rhe1+ Kf8 20. Qc5 Ne7
21. Rxe7 Qxe7 22. Qd5 Qf6 23. Re1 Qe6 24. Rxe6 dxe6 25. Qxa8 1-0

[Event "25. Torneo San Viator 2015"]
[Site "Madrid ESP"]
[Date "2015.10.18"]
[Round "4.8"]
[White "Lozano Osorio, Isaac"]
[Black "Yeves Miquel, Enrique"]
[Result "0-1"]
[WhiteElo "1947"]
[BlackElo "1758"]
[PlyCount "110"]
[EventDate "2015.10.04"]
[EventType "swiss"]
[EventRounds "9"]
[EventCountry "ESP"]
[Source "lmi"]
[SourceDate "2015.10.04"]

1. d4 Nf6 2. g3 e6 3. Bg2 c5 4. c3 cxd4 5. cxd4 Bb4+ 6. Nc3 Bxc3+ 7. bxc3 Qc7
8. Qd3 d5 9. Ba3 Nc6 10. Nf3 Ne7 11. O-O O-O 12. Rfc1 Re8 13. c4 Qa5 14. Ne5
Nc6 15. cxd5 Nxe5 16. dxe5 Nxd5 17. Rc5 Qa4 18. Bxd5 exd5 19. Rxd5 b6 20. Rd4
Qa5 21. Bd6 Ba6 22. Qd2 Qb5 23. e4 Rec8 24. Rc1 Rxc1+ 25. Qxc1 Rc8 26. Qd1 h6
27. a4 Qb2 28. Rd2 Qc3 29. Rd4 Be2 30. Qxe2 Qxd4 31. Qg4 Rc2 32. Qf5 Qc4 33.
Kg2 Re2 34. Bb8 a6 35. Ba7 Qxe4+ 36. Qxe4 Rxe4 37. Bxb6 Rxa4 38. Kf3 Kf8 39.
Bc5+ Ke8 40. Ke3 Rc4 41. Bd6 a5 42. Kd3 Rc6 43. f4 h5 44. h3 g6 45. g4 Kd7 46.
Bf8 Ke6 47. gxh5 gxh5 48. h4 a4 49. Ke4 Rc4+ 50. Ke3 Kf5 51. Bd6 Rc3+ 52. Kd4
Rf3 53. e6 fxe6 54. Kc4 a3 55. Be5 a2 0-1

[Event "25. Torneo San Viator 2015"]
[Site "Madrid ESP"]
[Date "2015.10.18"]
[Round "4.10"]
[White "Clavero Alarcon, Jose Miguel"]
[Black "Torres Samper, Rafael"]
[Result "1/2-1/2"]
[WhiteElo "1873"]
[BlackElo "1974"]
[PlyCount "77"]
[EventDate "2015.10.04"]
[EventType "swiss"]
[EventRounds "9"]
[EventCountry "ESP"]
[Source "lmi"]
[SourceDate "2015.10.04"]

1. c4 Nf6 2. g3 g6 3. Bg2 Bg7 4. Nc3 O-O 5. e4 d6 6. Nge2 e5 7. O-O Nc6 8. d3
Be6 9. h3 Qd7 10. Kh2 Nh5 11. g4 Bxg4 12. hxg4 Qxg4 13. Ng1 Qh4+ 14. Nh3 Nf4
15. Bxf4 exf4 16. Rh1 Bd4 17. Qe2 Ne5 18. Bf3 g5 19. Nd5 g4 20. Bxg4 Nxg4+ 21.
Kg2 Kh8 22. Rag1 Rg8 23. Kf1 c6 24. Ndxf4 Nxf2 25. Ng5 Qxg5 26. Rxg5 Nxh1 27.
Rxg8+ Rxg8 28. Qf3 Rg1+ 29. Ke2 Ng3+ 30. Kd2 Bxb2 31. Qf2 Bc1+ 32. Kc2 Rf1 33.
Qxg3 Bxf4 34. Qg4 Rf2+ 35. Kb3 Be5 36. Qc8+ Kg7 37. Qg4+ Kf8 38. Qc8+ Kg7 39.
Qg4+ 1/2-1/2

[Event "25. Torneo San Viator 2015"]
[Site "Madrid ESP"]
[Date "2015.10.18"]
[Round "4.11"]
[White "Gil Sierra, Jacinto"]
[Black "Jimenez Gonzalez, Marcos"]
[Result "1-0"]
[WhiteElo "1965"]
[BlackElo "1849"]
[PlyCount "63"]
[EventDate "2015.10.04"]
[EventType "swiss"]
[EventRounds "9"]
[EventCountry "ESP"]
[Source "lmi"]
[SourceDate "2015.10.04"]

1. e4 c6 2. d4 d5 3. exd5 cxd5 4. c4 Nf6 5. Nc3 Nc6 6. Nf3 Bg4 7. Qa4 Bxf3 8.
gxf3 g6 9. Qb5 a6 10. Qa4 Bg7 11. Be3 O-O 12. Rd1 dxc4 13. Qxc4 Rc8 14. Bh3 e6
15. O-O Ne7 16. Qb3 b5 17. Ne4 Ned5 18. Nc5 Qb6 19. Bg5 Rfd8 20. Rfe1 Rd6 21.
Ne4 Rdc6 22. Bxf6 Bxf6 23. Nxf6+ Nxf6 24. d5 Rc2 25. Re3 Rc1 26. dxe6 Rxd1+ 27.
Qxd1 Rd8 28. Qb3 Qc5 29. exf7+ Kf8 30. Qe6 Qg5+ 31. Bg4 h5 32. Qe7+ 1-0

[Event "25. Torneo San Viator 2015"]
[Site "Madrid ESP"]
[Date "2015.10.18"]
[Round "4.13"]
[White "Garcia Galeote, Lorenzo"]
[Black "Barranco Martinez, Gabriel"]
[Result "1-0"]
[WhiteElo "1906"]
[BlackElo "1752"]
[PlyCount "73"]
[EventDate "2015.10.04"]
[EventType "swiss"]
[EventRounds "9"]
[EventCountry "ESP"]
[Source "lmi"]
[SourceDate "2015.10.04"]

1. d4 Nf6 2. c4 g6 3. Nc3 Bg7 4. e4 d6 5. Nge2 O-O 6. Ng3 c6 7. Be2 Nbd7 8. O-O
e5 9. d5 cxd5 10. cxd5 Nb6 11. a4 a5 12. Be3 Nfd7 13. Qc2 Qc7 14. Rfc1 Nf6 15.
Qb3 Nbd7 16. Nb5 Qd8 17. Nxd6 Qe7 18. Nxc8 Rfxc8 19. Rxc8+ Rxc8 20. Qxb7 Rb8
21. Qa7 Qb4 22. Bb5 Qxb2 23. Rf1 Bf8 24. Qxa5 Rc8 25. Bxd7 Nxd7 26. Qb5 Qxb5
27. axb5 Bc5 28. Rc1 Rc7 29. Nf1 Kf8 30. Nd2 Ke7 31. Nb3 Kd6 32. Nxc5 Nf6 33.
f3 Nh5 34. b6 Rc8 35. Nb7+ Kd7 36. Rxc8 Kxc8 37. Nd6+ 1-0

[Event "25. Torneo San Viator 2015"]
[Site "Madrid ESP"]
[Date "2015.10.18"]
[Round "4.14"]
[White "Escribano Serrano, Pedro"]
[Black "Padin Lazaro, Jose Manuel"]
[Result "0-1"]
[WhiteElo "1802"]
[BlackElo "1906"]
[PlyCount "38"]
[EventDate "2015.10.04"]
[EventType "swiss"]
[EventRounds "9"]
[EventCountry "ESP"]
[Source "lmi"]
[SourceDate "2015.10.04"]

1. d4 d5 2. Nf3 e6 3. e3 c5 4. c3 Nf6 5. Bd3 Bd6 6. Nbd2 Nc6 7. O-O O-O 8. Qe2
e5 9. dxe5 Nxe5 10. Nxe5 Bxe5 11. f4 Bc7 12. Nf3 Re8 13. h3 Bxf4 14. Qf2 Bc7
15. Nd2 Qd6 16. Qh4 Qh2+ 17. Kf2 Ng4+ 18. Ke2 Qxg2+ 19. Rf2 Rxe3+ 0-1

[Event "25. Torneo San Viator 2015"]
[Site "Madrid ESP"]
[Date "2015.10.18"]
[Round "4.15"]
[White "Fernandez Garcia, Emilio"]
[Black "Cardena Contreras, Javier"]
[Result "0-1"]
[WhiteElo "1686"]
[BlackElo "1892"]
[PlyCount "97"]
[EventDate "2015.10.04"]
[EventType "swiss"]
[EventRounds "9"]
[EventCountry "ESP"]
[Source "lmi"]
[SourceDate "2015.10.04"]

1. d4 Nf6 2. c4 c5 3. d5 e6 4. Nc3 exd5 5. cxd5 d6 6. e4 g6 7. Nf3 Bg7 8. Bd3
O-O 9. h3 a6 10. a4 Re8 11. O-O Qc7 12. Nd2 Nh5 13. Nc4 Nd7 14. Re1 Ne5 15.
Nxe5 Bxe5 16. Bf1 Bd7 17. Bg5 Nf6 18. Qc2 c4 19. a5 Rab8 20. Be3 Nh5 21. Ne2 f5
22. Bb6 Qc8 23. Nd4 fxe4 24. Qxc4 Qxc4 25. Bxc4 Rbc8 26. Rac1 Bh8 27. b3 Nf6
28. Rcd1 h5 29. Re3 h4 30. Rde1 Bf5 31. f3 Re5 32. Nxf5 gxf5 33. fxe4 Rxe4 34.
Rxe4 Nxe4 35. Bd3 Re8 36. Bxe4 fxe4 37. Bf2 Bf6 38. g4 Bg5 39. Be3 Bxe3+ 40.
Rxe3 Re5 41. Kf2 Kf7 42. Ke2 Kf6 43. Kf2 Kg5 44. Rc3 Rxd5 45. Rc7 Rxa5 46. Rxb7
d5 47. Ke3 Rb5 48. Rg7+ Kf6 49. Kf4 0-1